00321nam a2200109Ia 4500008004100000082000800041100001600049245002600065942000600091952009900097999001500196240331s9999 xx 000 0 und d bJEN aJennings, I 4aThe economy of Ceylon cL 001040708LaWERCLbWERCLcSSCd2024-03-31l0o 330.549 JENp3195r2024-03-31w2024-03-31yL c2588d2588